header

IUTAM Symposium on Mechanical Waves for Composite Structures Characterization (Record no. 73340)

MARC details
000 -LEADER
fixed length control field 01575nam a22003254a 4500
245 10 - TITLE STATEMENT
Title IUTAM Symposium on Mechanical Waves for Composite Structures Characterization
260 ## - PUBLICATION, DISTRIBUTION, ETC. (IMPRINT)
Place of publication Dordrecht ;
-- Boston :
Name of publisher Kluwer Academic Publishers,
Year of publication 2001.
300 ## - PHYSICAL DESCRIPTION
Number of Pages 185 p. :
Other physical details ill.
490 1# - SERIES STATEMENT
Series statement Solid mechanics and its applications ;
650 #0 - SUBJECT ADDED ENTRY--TOPICAL TERM
Topical Term Composite construction
Topical Term Composite materials
700 1# - ADDED ENTRY--PERSONAL NAME
Personal name Sotiropoulos, Dimitrios A.
856 40 - ELECTRONIC LOCATION AND ACCESS
Uniform Resource Identifier http://site.ebrary.com/lib/rucke/Doc?id=10046969

No items available.

© 2026 Rongo University
Contact us: librarian | system librarian | Rongo university